Practical nonparametric statistics

Сохранить в:
Библиографические подробности
Главный автор: Conover, W. J.
Формат:
Язык:Undetermined
Опубликовано: New York John Wiley c1971
Предметы:
Метки: Добавить метку
Нет меток, Требуется 1-ая метка записи!
Thư viện lưu trữ: Trung tâm Học liệu Trường Đại học Cần Thơ
LEADER 00481nam a2200181Ia 4500
001 CTU_127258
008 210402s9999 xx 000 0 und d
082 |a 519.53 
082 |b C753 
100 |a Conover, W. J. 
245 0 |a Practical nonparametric statistics 
245 0 |c W. J. Conover 
260 |a New York 
260 |b John Wiley 
260 |c c1971 
650 |a Nonparametric statistics 
904 |i Hiếu 
980 |a Trung tâm Học liệu Trường Đại học Cần Thơ